The big change, (Record no. 77615)

MARC details
000 -LEADER
fixed length control field 00655cam a22002291 4500
001 - CONTROL NUMBER
control field sa 68000992
003 - CONTROL NUMBER IDENTIFIER
control field DLC
005 - DATE AND TIME OF LATEST TRANSACTION
control field 20260227112429.0
008 - FIXED-LENGTH DATA ELEMENTS--GENERAL INFORMATION
fixed length control field 711108s1967 ii abc 00010 eng
010 ## - LIBRARY OF CONGRESS CONTROL NUMBER
LC control number sa 68000992 //r85
025 ## - OVERSEAS ACQUISITION NUMBER
Overseas acquisition number PL480:I-E-8448
043 ## - GEOGRAPHIC AREA CODE
Geographic area code a-ii---
050 0# - LIBRARY OF CONGRESS CALL NUMBER
Classification number JQ539.A15
Item number R3
082 ## - DEWEY DECIMAL CLASSIFICATION NUMBER
Classification number 320.9/54/82
100 10 - MAIN ENTRY--PERSONAL NAME
Personal name Ramanujam, K. S.,
Dates associated with a name 1926-
245 14 - TITLE STATEMENT
Title The big change,
Statement of responsibility, etc. by K. S. Ramanujam.
260 0# - PUBLICATION, DISTRIBUTION, ETC.
Place of publication, distribution, etc. [Madras,
Name of publisher, distributor, etc. Higginbothams,
Date of publication, distribution, etc. 1967]
300 ## - PHYSICAL DESCRIPTION
Extent xiii, 282 p.
Other physical details illus., port., map.
Dimensions 19 cm.
350 ## - PRICE (NR) (BK AM CF MU VM SE) [OBSOLETE]
Price Rs7.50
650 #0 - SUBJECT ADDED ENTRY--TOPICAL TERM
Topical term or geographic name entry element Elections
Geographic subdivision India
-- Tamil Nadu.
651 #0 - SUBJECT ADDED ENTRY--GEOGRAPHIC NAME
Geographic name Tamil Nadu (India)
General subdivision Politics and government.

No items available.

Powered by Koha